000
00313 a2200109 4500
001
ART_12771
005
20260410161733.0
008
260409a
245
1
0
_a
Análisis del presupuesto
100
1
_a
Rossi, Rodolfo C.
773
0
_t
Ejecutivos de finanzas
_g
- Año 6, Nº 46 (jun. 1988)
_w
REV2863
999
_c
18021
_d
18021